| 000 | 00886cam a2200229 4500 | ||
|---|---|---|---|
| 008 | 000000n2000 000 0 eng u | ||
| 035 | _a(Sirsi) u108155 | ||
| 245 | _aProcurement advice service launch | ||
| 260 | _c2000 | ||
| 490 |
_aBuilding _v(35) 1 September 2000, 14(1) |
||
| 520 | _aA one-stop procurement advice service for one-off construction clients is to be launched by the Movement for Innovation. The Construction Best Practice Programme is also drawing up guidance for clients which will contain information on how to manage one-off schemes. | ||
| 590 | _aWB | ||
| 650 | _aMANAGEMENT-BUSINESS MANAGEMENT-PROCUREMENT | ||
| 650 | _aCONSTRUCTION CLIENTS | ||
| 650 | _aADVICE | ||
| 650 | _aGUIDANCE | ||
| 650 | _aEGAN REFORMS | ||
| 650 | _aCONSTRUCTION BEST PRACTICE PROGRAMME | ||
| 650 | _aMOVEMENT FOR INNOVATION | ||
| 690 |
_aProcurement _96260 |
||
| 942 | _n0 | ||
| 999 |
_c64597 _d64597 |
||